000 00714nam a22002417a 4500
999 _c36177
_d36177
001 5815
003 CO-MdFUSB
005 20171120093348.0
008 171120s1988 sp ||||| |||| 00| 0 spa d
020 _a84-7228-349-6
040 _aCO-MdFUSB
_bspa
_cCO-MdFUSB
_dCO-MdFUSBC
_erda
041 0 _aspa
082 0 4 _aG 226.2 R 3994m
100 1 _aRyle, Juan Carlos (1816-1900)
_eautor
245 1 4 _aLos evangelios explicados
_b: Mateo
_c / J. C. Ryle
264 1 _aTerrassa, Barcelona, España :
_bCLIE,
_c1988
300 _a256 Pag
336 _2rdacontent
_atexto
_btxt
337 _2rdamedia
_asin mediación
_bn
338 _2rdacarrier
_avolumen
_bnc
653 _aBiblia N.T. - Mateo - Comentarios
942 _cBK